[Event "GER MS-251 email"]
[Site "GER email"]
[Date "2016.12.01"]
[Round "?"]
[White "Lenaif, Sven Peter"]
[Black "Wittenberg, Gerd"]
[Result "1-0"]
[WhiteElo "2047"]
[BlackElo "1865"]
[PlyCount "103"]
[EventDate "2016.12.05"]
[EventType "tourn (corr)"]
[EventRounds "6"]
[EventCountry "GER"]
[SourceTitle "Corr 2020"]
[Source "ChessBase"]
[SourceDate "2019.09.30"]
[SourceVersion "1"]
[SourceVersionDate "2019.09.30"]
[SourceQuality "1"]

1. e4 e6 2. d4 d5 3. Nc3 Nf6 4. e5 Nfd7 5. f4 c5 6. Nf3 Nc6 7. Be3 cxd4 8. Nxd4 Bc5 9. Qd2 0-0 10. 0-0-0 a6 11. Nb3 Be7 12. h4 b5 13. Kb1 Nb6 14. Qf2 Nc4 15. Bc5 Rb8 16. h5 f6 17. exf6 Rxf6 18. Bd3 Bxc5 19. Qxc5 Qb6 20. g3 Qxc5 21. Nxc5 Ne3 22. Rde1 Ng4 23. Rh4 Nh6 24. Nd1 Nd4 25. Rhh1 Nhf5 26. Bxf5 Nxf5 27. Rhg1 Nd4 28. Rg2 b4 29. Ne3 Rb5 30. Nd3 a5 31. Rd1 Rb6 32. Nxb4 Nf5 33. Nxf5 Rxf5 34. Nd3 Rxh5 35. Ne5 Ba6 36. b3 h6 37. Kb2 Rh3 38. a4 Bb7 39. Rd4 Ra6 40. Rg1 Ra8 41. Rd3 Rh2 42. Nf3 Re2 43. Rc3 Rc8 44. Rxc8+ Bxc8 45. Nd4 Re4 46. Nc6 Kf7 47. Nxa5 Ke7 48. c4 Bd7 49. Rc1 Re3 50. c5 Kd8 51. c6 Be8 52. c7+ 1-0

[Event "GER MS-229 email"]
[Site "GER email"]
[Date "2015.11.01"]
[Round "?"]
[White "Utesch, Wolfgang"]
[Black "Lenaif, Sven Peter"]
[Result "1/2-1/2"]
[WhiteElo "2190"]
[BlackElo "2002"]
[PlyCount "71"]
[EventDate "2015.11.09"]
[EventType "tourn (corr)"]
[EventRounds "6"]
[EventCountry "GER"]
[SourceTitle "Corr 2020"]
[Source "ChessBase"]
[SourceDate "2019.09.30"]
[SourceVersion "1"]
[SourceVersionDate "2019.09.30"]
[SourceQuality "1"]

1. e4 e5 2. Nf3 Nc6 3. Bb5 a6 4. Ba4 Nf6 5. 0-0 Be7 6. d3 b5 7. Bb3 d6 8. a4 b4 9. a5 0-0 10. Nbd2 Be6 11. Nc4 Qc8 12. c3 Qb7 13. d4 exd4 14. cxd4 d5 15. exd5 Bxd5 16. Re1 Rad8 17. Bg5 h6 18. Bh4 Rfe8 19. Rc1 Ne4 20. Ba4 Bxh4 21. Nxh4 Bxc4 22. Rxc4 Nxa5 23. Rc5 Re6 24. Rxa5 Qb6 25. Bb3 Rxd4 26. Qc1 Nxf2 27. Bxe6 fxe6 28. Nf3 Rd5 29. Qe3 Nh3+ 30. gxh3 Qxe3+ 31. Rxe3 Rxa5 32. Ne5 Ra2 33. Re2 a5 34. Nd3 c5 35. Nxc5 a4 36. Nd3 1/2-1/2

[Event "GER MS-228 email"]
[Site "GER email"]
[Date "2015.10.08"]
[Round "?"]
[White "Lenaif, Sven Peter"]
[Black "Humbek, Olav"]
[Result "1/2-1/2"]
[WhiteElo "2034"]
[BlackElo "1950"]
[PlyCount "87"]
[EventDate "2015.10.16"]
[EventType "tourn (corr)"]
[EventRounds "6"]
[EventCountry "GER"]
[SourceTitle "Corr 2020"]
[Source "ChessBase"]
[SourceDate "2019.09.30"]
[SourceVersion "1"]
[SourceVersionDate "2019.09.30"]
[SourceQuality "1"]

1. e4 d6 2. d4 Nf6 3. Nc3 e5 4. Nf3 Nbd7 5. Bc4 Be7 6. 0-0 0-0 7. a4 c6 8. Re1 a5 9. h3 h6 10. Be3 Re8 11. Qe2 Qc7 12. Ba2 Nf8 13. Rad1 Ng6 14. Nd2 Rb8 15. Nf1 Bd7 16. Ng3 Qc8 17. Rd2 Nf4 18. Qd1 Ng6 19. Rf1 b5 20. axb5 cxb5 21. Nd5 Nxd5 22. Bxd5 Be6 23. Bxe6 Qxe6 24. Nf5 Nh4 25. Nxe7+ Qxe7 26. dxe5 dxe5 27. Qg4 Ng6 28. Rfd1 Qe6 29. Qxe6 Rxe6 30. Rd8+ Re8 31. Rxe8+ Rxe8 32. Rd5 Rb8 33. Kf1 f6 34. Ke2 a4 35. g3 h5 36. Kd3 h4 37. Ba7 Rb7 38. Bc5 Kf7 39. Kc3 hxg3 40. fxg3 Nf8 41. Bxf8 Kxf8 42. Kb4 Rc7 43. Rc5 Rd7 44. Kxb5 1/2-1/2

[Event "GER MS-227 email"]
[Site "GER email"]
[Date "2015.09.21"]
[Round "?"]
[White "Lenaif, Sven Peter"]
[Black "Reichgeld, Manfred"]
[Result "1/2-1/2"]
[WhiteElo "2008"]
[BlackElo "2003"]
[PlyCount "69"]
[EventDate "2015.09.28"]
[EventType "tourn (corr)"]
[EventRounds "6"]
[EventCountry "GER"]
[SourceTitle "Corr 2020"]
[Source "ChessBase"]
[SourceDate "2019.09.30"]
[SourceVersion "1"]
[SourceVersionDate "2019.09.30"]
[SourceQuality "1"]

1. e4 e5 2. Nf3 Nc6 3. Bb5 a6 4. Ba4 Nf6 5. 0-0 b5 6. Bb3 Bb7 7. Re1 Bc5 8. c3 0-0 9. d4 Bb6 10. Bg5 h6 11. Bh4 d6 12. a4 exd4 13. cxd4 g5 14. Nxg5 hxg5 15. Bxg5 Nxd4 16. Bd5 Ne6 17. Bh4 Bxd5 18. exd5 Ng7 19. Qf3 Re8 20. Nc3 Rxe1+ 21. Rxe1 Bd4 22. Re4 Bxf2+ 23. Qxf2 Nxe4 24. Nxe4 Qc8 25. Nf6+ Kf8 26. g4 bxa4 27. Bg5 a3 28. bxa3 Qb7 29. h4 Qb3 30. Bh6 Rb8 31. Nd7+ Kg8 32. Nxb8 Qxb8 33. Qf3 Qb1+ 34. Kg2 Kh7 35. Bg5 1/2-1/2

[Event "GER T228-B97-S email"]
[Site "GER email"]
[Date "2015.09.12"]
[Round "?"]
[White "Lenaif, Sven Peter"]
[Black "Mihatsch, Thomas"]
[Result "1-0"]
[WhiteElo "2008"]
[BlackElo "2053"]
[PlyCount "97"]
[EventDate "2015.09.18"]
[EventType "tourn (corr)"]
[EventRounds "8"]
[EventCountry "GER"]
[SourceTitle "Corr 2020"]
[Source "ChessBase"]
[SourceDate "2019.09.30"]
[SourceVersion "1"]
[SourceVersionDate "2019.09.30"]
[SourceQuality "1"]

1. e4 c5 2. Nf3 d6 3. d4 cxd4 4. Nxd4 Nf6 5. Nc3 a6 6. Bg5 e6 7. f4 Qb6 8. Qd2 Qxb2 9. Rb1 Qa3 10. e5 h6 11. Bh4 dxe5 12. fxe5 g5 13. exf6 gxh4 14. Be2 Qa5 15. 0-0 Nd7 16. Kh1 Qg5 17. Rf4 e5 18. Nd5 exd4 19. Qxd4 Kd8 20. Ne7 Qc5 21. Qb2 Qb6 22. Qxb6+ Nxb6 23. Rxb6 Bxe7 24. fxe7+ Kxe7 25. Bc4 Be6 26. Rxb7+ Kd6 27. h3 Ke5 28. Rxh4 Bxc4 29. Rxc4 Rhc8 30. Rbc7 Rxc7 31. Rxc7 f6 32. Rc5+ Kf4 33. Rc6 Ke5 34. c4 Rb8 35. Rxa6 Rb4 36. c5 Rc4 37. c6 h5 38. Kh2 f5 39. a4 Kd6 40. Kg3 h4+ 41. Kf3 Rc3+ 42. Kf4 Rg3 43. c7+ Kxc7 44. Rh6 Rxg2 45. Kxf5 Rg3 46. Rxh4 Rc3 47. a5 Ra3 48. a6 Rxa6 49. Rd4 1-0

[Event "GER T228-B97-S email"]
[Site "GER email"]
[Date "2015.09.12"]
[Round "?"]
[White "Lenaif, Sven Peter"]
[Black "Schoenberger, Kay"]
[Result "1-0"]
[WhiteElo "2008"]
[BlackElo "2027"]
[PlyCount "123"]
[EventDate "2015.09.18"]
[EventType "tourn (corr)"]
[EventRounds "8"]
[EventCountry "GER"]
[SourceTitle "Corr 2020"]
[Source "ChessBase"]
[SourceDate "2019.09.30"]
[SourceVersion "1"]
[SourceVersionDate "2019.09.30"]
[SourceQuality "1"]

1. e4 c5 2. Nf3 d6 3. d4 cxd4 4. Nxd4 Nf6 5. Nc3 a6 6. Bg5 e6 7. f4 Qb6 8. Qd2 Qxb2 9. Rb1 Qa3 10. e5 h6 11. Bh4 dxe5 12. fxe5 g5 13. exf6 gxh4 14. Be2 Qa5 15. 0-0 h3 16. Qe3 Rg8 17. g3 Rg5 18. Ne4 Re5 19. Bf3 Nd7 20. Rfd1 h5 21. Kh1 Qc5 22. Rd3 Rxe4 23. Bxe4 Nxf6 24. Rf1 Be7 25. Nxe6 Bxe6 26. Qxc5 Bxc5 27. Rxf6 Ke7 28. Rf4 Bd6 29. Rf1 Rc8 30. Re3 f6 31. Rb1 b5 32. a4 Rc5 33. axb5 axb5 34. Bd3 Kf7 35. Rxb5 Rxb5 36. Bxb5 Bd5+ 37. Kg1 Bc5 38. Kf2 Kg6 39. Ke2 Bxe3 40. Kxe3 Kf5 41. Bd7+ Ke5 42. Bxh3 f5 43. c3 Bc6 44. Bf1 h4 45. gxh4 f4+ 46. Kf2 Bd5 47. Bg2 Bf7 48. Bc6 Kf5 49. Bd7+ Ke5 50. Bg4 Bd5 51. h5 Kf6 52. Bf3 Be6 53. Bc6 Kg5 54. Kf3 Bg4+ 55. Ke4 Bxh5 56. c4 Bd1 57. c5 Bc2+ 58. Ke5 Bd1 59. h4+ Kg4 60. h5 Kxh5 61. Kxf4 Kg6 62. Ke5 1-0

[Event "GER T228-B97-S email"]
[Site "GER email"]
[Date "2015.09.12"]
[Round "?"]
[White "Schoenberger, Kay"]
[Black "Lenaif, Sven Peter"]
[Result "1/2-1/2"]
[WhiteElo "2027"]
[BlackElo "2008"]
[PlyCount "84"]
[EventDate "2015.09.18"]
[EventType "tourn (corr)"]
[EventRounds "8"]
[EventCountry "GER"]
[SourceTitle "Corr 2020"]
[Source "ChessBase"]
[SourceDate "2019.09.30"]
[SourceVersion "1"]
[SourceVersionDate "2019.09.30"]
[SourceQuality "1"]

1. e4 c5 2. Nf3 d6 3. d4 cxd4 4. Nxd4 Nf6 5. Nc3 a6 6. Bg5 e6 7. f4 Qb6 8. Nb3 Nbd7 9. Qe2 Qc7 10. g4 Be7 11. 0-0-0 h6 12. Bh4 g5 13. fxg5 Nh7 14. Bg3 hxg5 15. h4 gxh4 16. Bxh4 Ng5 17. Nd4 Ne5 18. Nf5 exf5 19. Nd5 Qd8 20. exf5 Bd7 21. Qd2 f6 22. Bg2 Ngf7 23. Bf2 Rxh1 24. Rxh1 Bc6 25. Bb6 Qc8 26. Nc7+ Kd7 27. Bd5 Bxd5 28. Qxd5 Rb8 29. Qe6+ Kc6 30. Qb3 Ng5 31. Nd5 Kd7 32. Be3 Qg8 33. Rd1 b5 34. Qa3 Nc4 35. Qxa6 Qc8 36. Qxc8+ Rxc8 37. Bxg5 fxg5 38. b3 Bd8 39. bxc4 Rxc4 40. Ne3 Re4 41. Rd3 Bb6 42. Nd5 Bd4 1/2-1/2

[Event "GER T207-A03-S email"]
[Site "GER email"]
[Date "2015.03.10"]
[Round "?"]
[White "Hoexter, Heinrich"]
[Black "Lenaif, Sven Peter"]
[Result "1/2-1/2"]
[WhiteElo "2061"]
[BlackElo "2008"]
[PlyCount "54"]
[EventDate "2015.03.20"]
[EventType "tourn (corr)"]
[EventRounds "8"]
[EventCountry "GER"]
[SourceTitle "Corr 2020"]
[Source "ChessBase"]
[SourceDate "2019.09.30"]
[SourceVersion "1"]
[SourceVersionDate "2019.09.30"]
[SourceQuality "1"]

1. f4 d5 2. Nf3 Nf6 3. b3 g6 4. Bb2 Bg7 5. e3 0-0 6. Be2 c5 7. 0-0 Nc6 8. Ne5 Nxe5 9. Bxe5 Be6 10. Qe1 Qd7 11. a4 Rad8 12. a5 Ng4 13. Bxg7 Kxg7 14. h3 Nh6 15. Nc3 Nf5 16. Qf2 d4 17. Na4 dxe3 18. dxe3 Qc6 19. Nc3 c4 20. b4 Rd2 21. g4 Nd6 22. Qe1 Rxc2 23. Bf3 Qc7 24. Bd1 Rxc3 25. Qxc3+ f6 26. Qd4 b6 27. Bf3 Rb8 1/2-1/2

[Event "GER T207-A03-S email"]
[Site "GER email"]
[Date "2015.03.10"]
[Round "?"]
[White "Lenaif, Sven Peter"]
[Black "Thomae, Eberhard"]
[Result "1-0"]
[WhiteElo "2008"]
[BlackElo "1849"]
[PlyCount "97"]
[EventDate "2015.03.20"]
[EventType "tourn (corr)"]
[EventRounds "8"]
[EventCountry "GER"]
[SourceTitle "Corr 2020"]
[Source "ChessBase"]
[SourceDate "2019.09.30"]
[SourceVersion "1"]
[SourceVersionDate "2019.09.30"]
[SourceQuality "1"]

1. f4 d5 2. e3 Nf6 3. Nf3 Nc6 4. b3 g6 5. Bb5 Bg7 6. Bb2 0-0 7. Bxc6 bxc6 8. 0-0 Bg4 9. d3 a5 10. Nc3 Qd6 11. Na4 Nd7 12. Bxg7 Kxg7 13. Qe1 c5 14. Ne5 Nxe5 15. fxe5 Qxe5 16. Nxc5 f6 17. d4 Qd6 18. a4 Bf5 19. c3 e5 20. b4 Rfb8 21. Rf2 c6 22. Rb2 Rb6 23. Qd2 Rab8 24. Raa2 Qe7 25. h3 Qa7 26. bxa5 Qxa5 27. Rb4 Rxb4 28. cxb4 Qxb4 29. Qxb4 Rxb4 30. a5 Rb8 31. a6 Bc8 32. a7 Ra8 33. Ra5 Kf7 34. Kf2 Ke7 35. Na4 Bb7 36. Nb6 Re8 37. a8Q Bxa8 38. Rxa8 Rxa8 39. Nxa8 h5 40. Nc7 Kd6 41. Na6 Ke6 42. Nc5+ Kd6 43. Kg3 g5 44. h4 g4 45. Kf2 Ke7 46. g3 Kd6 47. Ke2 Ke7 48. Kd2 Kd6 49. Nd3 1-0

[Event "GER T207-A03-S email"]
[Site "GER email"]
[Date "2015.03.10"]
[Round "?"]
[White "Lenaif, Sven Peter"]
[Black "Turowski, Peter Hinrich"]
[Result "1-0"]
[WhiteElo "2008"]
[BlackElo "1931"]
[PlyCount "71"]
[EventDate "2015.03.20"]
[EventType "tourn (corr)"]
[EventRounds "8"]
[EventCountry "GER"]
[SourceTitle "Corr 2020"]
[Source "ChessBase"]
[SourceDate "2019.09.30"]
[SourceVersion "1"]
[SourceVersionDate "2019.09.30"]
[SourceQuality "1"]

1. f4 d5 2. e3 Nf6 3. Nf3 Bf5 4. b3 e6 5. Bb2 Be7 6. Be2 0-0 7. 0-0 c5 8. Ne5 Nbd7 9. g4 Bg6 10. f5 exf5 11. gxf5 Bd6 12. Nxd7 Qxd7 13. Bxf6 gxf6 14. fxg6 hxg6 15. Bf3 Kg7 16. Rf2 Rh8 17. Nc3 d4 18. Nd5 Rh4 19. Qe2 Rah8 20. Nf4 Re8 21. Qd3 Bxf4 22. exf4 Rxf4 23. c4 Re5 24. Rg2 Qe7 25. Kh1 b6 26. Rag1 Qe8 27. Qf1 Qe7 28. Qf2 Ref5 29. Rg3 Qe8 30. Qg2 Re5 31. Qf1 Qh8 32. Qd3 Qh7 33. R3g2 Rg5 34. Rxg5 fxg5 35. Rxg5 Rh4 36. Qe2 1-0